| 000 | 00759nam a22002057a 4500 | ||
|---|---|---|---|
| 003 | OSt | ||
| 005 | 20251202143920.0 | ||
| 008 | 251202b |||||||| |||| 00| 0 eng d | ||
| 020 | _a9712339386 | ||
| 040 |
_aDWC-Main Lib _cOC |
||
| 082 |
_2Revised edition _aFil. 550 B813 2005 |
||
| 100 | _aBraganza, M.C. | ||
| 245 |
_aEarth science : _ba textbook on earth science for the tertiary level _cBraganza, Maria Chona S. |
||
| 250 | _aRevised edition | ||
| 260 |
_aManila, Philippines : _bRex Book Store, _cc2005. |
||
| 300 |
_axiv, 244 pages ; _c25 cm. |
||
| 504 | _aIncludes appendix, bibliographical references and index. | ||
| 650 | _2Earth science. | ||
| 942 |
_2ddc _cBK-FIL _eRevised edition _hFil. 550 B813 2005 _kFil. _n0 |
||
| 999 |
_c6717 _d6717 |
||